000 00343nam a2200133Ia 4500
003 GCL
008 140319s9999 xx 000 0 ara d
040 _aGCL /
_cGCL
082 0 4 _a274.8842
_bار
245 1 0 _aرجال الكتاب المقدس 2ج
260 _a[S.N] :
_bدار الثقافة المسيحية
300 _a585 ص
490 _a
999 _c54069
_d54069